000 00588nam a2200181Ia 4500
008 151202s9999||||xx |||||||||||||| ||und||
082 _bPNVM-59890
100 _aमलोसे राजेंद्र.
245 _aस्वप्नपंख.
260 _b"देशमुख आणि कंपनी,पुणे."
260 _c59890
300 _a480
600 _aमलोसे राजेंद्र.
630 _aस्वप्नपंख.
700 _aमलोसे राजेंद्र.
730 _aस्वप्नपंख.
942 _cBOOK
999 _c1326424
_d1326421